| 000 | 00905fam a2200289 a 4500 | ||
|---|---|---|---|
| 001 | 2240110 | ||
| 003 | ARRUPE | ||
| 005 | 20160321110421.0 | ||
| 008 | 981210s1998 rh ab b 001 0 eng | ||
| 010 | _a 98982442 | ||
| 020 | _a0797418520 | ||
| 035 | _a(OCoLC)40480441 | ||
| 035 | _a(OCoLC)ocm40480441 | ||
| 035 | _a(NNC)2240110 | ||
| 040 |
_aDLC _cDLC |
||
| 042 | _alcode | ||
| 043 | _af------ | ||
| 050 | 0 | 0 |
_aDT16.B2 _bC46 1998 |
| 100 | 1 |
_aChigwedere, A. S. _q(Aeneas S.) _923013 |
|
| 245 | 1 | 4 |
_aThe roots of the Bantu / _cby Aeneas Chigwedere. |
| 260 |
_aMarondera [Zimbabwe] : _bMutapa Pub. House ; _aWorkington, Harare : _cJongwe Print. and Pub. Co., _c1998. |
||
| 300 |
_aiv, 339 p. : _bill., maps ; _c21 cm. |
||
| 504 | _aIncludes bibliographical references (p. 315-334) and index. | ||
| 650 | 0 |
_aBantu-speaking peoples _xOrigin. _923014 |
|
| 942 |
_2lcc _cMONOGRAPH |
||
| 999 |
_c124395 _d124395 |
||